000 00717nam a2200241 a 4500
001 BRCA_7561
005 20190320205904.0
008 060613s1955----enka######---#000-0#eng-#
041 _aeng
044 _aenk
050 4 _aNK2529
_b.S96 1955
100 1 _aSymonds, R. W.
_94493
245 1 0 _aFurniture making in seventeenth and eighteenth century England
_ban outline for collectors
_cR. W. Symonds.
260 _aLondres
_bConnoisseur
_c1955
300 _axiv, 238 p.
_bil. a color, 4 láminas
_c36 cm.
500 _aIncluye un capítulo sobre relojes
500 _aS40
650 1 4 _aMuebles ingleses
_99632
650 1 4 _aMuebles
_xHistoria
_94173
650 1 4 _aRelojes
_92227
902 _aGFM
942 _2lcc
_cB
999 _c7235
_d7235